000 00758nam a2200241Ia 4500
003 OSt
005 20220926022431.0
006 a|||||r|||| 00| 0
007 ta
008 220923b |||||||| |||| 00| 0 eng d
037 _cGeneral Book
040 _aRTL
_cRTL
_beng
041 _2eng
_aeng
082 _aX9(D3).5927.P, P2
110 _aUnited Nations. Economic Commission for Europe
245 0 _aCountry profiles on the housing sector
_b Albania
260 _aNew York
_bUnited Nations U. S. A.
_c2002
300 _a94p. Bibliography p.93-94
_ccm.
650 _aHousing Industry
_9231829
700 _aUnited Nations. Economic Commission for Europe
942 _hX9(D3).5927.P, P2
_cGB
_2CC
999 _c639486
_d639486